Το κοινό νόμισμα από την αρχαιότητα έως σήμερα

Αποθηκεύτηκε σε:
Λεπτομέρειες βιβλιογραφικής εγγραφής
Συλλογικό Έργο: Νομισματικό Μουσείο (Αθήνα, Ελλάς), Υπουργείο Πολιτισμού
Μορφή: Βιβλίο
Γλώσσα:Greek
Δημοσίευση: [Αθήνα] : [Ταμείο Αρχαιολογικών Πόρων], [200-].
Θέματα:
Ετικέτες: Προσθήκη ετικέτας
Δεν υπάρχουν, Καταχωρήστε ετικέτα πρώτοι!

MARC

LEADER 00000cam a2200000 i 4500
001 1/91116
008 080716q20022007gr | ||| |||| ||gre||
020 |a 960214288X 
035 |l 10099011 
040 |a GR-MY-UA  |b gre  |e aacr 
041 0 |a gre 
082 7 |a 737.4   |2 (22) 
110 2 |a Νομισματικό Μουσείο (Αθήνα, Ελλάς) 
245 1 3 |a Το κοινό νόμισμα από την αρχαιότητα έως σήμερα /   |c Υπουργείο Πολιτισμού - Νομισματικό Μουσείο.  
260 |a [Αθήνα] :   |b [Ταμείο Αρχαιολογικών Πόρων],   |c [200-].  
300 |a [12] σ. :   |b έγχρ. εικ. ;   |c 14x14 εκ. 
650 0 0 |a Numismatics. 
650 0 0 |a Coins, Ancient. 
650 0 0 |a Money  |x History. 
650 0 0 |a Art and history. 
650 0 0 |a Coins, Ancient  |z Greece. 
710 2 |a Υπουργείο Πολιτισμού. 
852 |a INST  |b RHODES  |e 20080716  |h 737.4 ΝΟΜ  |p 005400027688  |q 005400027688  |t BK  |y 0 
901 |a BIBL4-2008-2 
909 |a Ρ  |b 136281 
922 |a 4ΕΛΗ  |b 200707  |c ΕΠΕΑΕΚ2/ΤΜΣ  |d Σ. ΠΑΤΑΚΗΣ 
970 |a ΚΟΖΑ  |b ΜΑΡΙΑ  |z 2008/07/16